Statistics for Highest Capital Cities by Continent

Click here to take the quiz!

General Stats

  • This quiz has been taken 596 times
  • The average score is 4 of 6

Answer Stats

ContinentCapital% Correct
South AmericaLa Paz
88%
North AmericaMexico City
78%
OceaniaCanberra
75%
EuropeAndorra la Vella
60%
AsiaThimphu
44%
AfricaAddis Ababa
34%

Score Distribution

Percentile by Number Answered

Percent of People with Each Score

Your Score History

You have not taken this quiz